000 00462nam a2200181Ia 4500
001 16509
005 20260306170314.0
008 260306t2023||||xx |||||||||||||| ||und||
041 _aESP
082 _a348.6
_bP72
110 _aPoder Judicial del Perú
245 0 _aPlenos jurisdiccionales supremos en materia laboral y previsional
260 _c2023
300 _a124 páginas :
_c23 cm.
650 _aGEN
654 _aCDE
942 _cLIB
_dJUS
_fJUS
_2ddc
_n
999 _c16509
_d16509